Регионална библиотека "Любен Каравелов" - Русе

Добре дошли в мъртвата къща (Запис номер 91504)

MARC детайли
000 -Лидер
Контролно поле с фиксирана дължина 01493nam a2200349 c 4500
003 - Код на организацията, давaща контролен номер
Контролно поле BLK
005 - Дата и час на последна редакция
Контролно поле 20240913164014.0
008 - Елементи от данни с фиксирана дължина
fixed length control field 180408b bul|||||r ||||||| ||bul||
010 ## - Наследен системен номер
LC control number KNG00096261000
020 ## - Международен стандартен номер на книга ISBN
Международен стандартен номер на книга ISBN 978-954-92263-7-9
-- издат.: Агенция Ню импрес
040 ## - Източник на каталожния запис
Идентификатор на билиотеката - собственик на записа BLK
041 ## - Код за език
Код за езика на текст/звукозапис или на отделно заглавие Български
Код за езика КДБФ Български
080 ## - УДК
Текстов определител УДК Американска литература (на САЩ)
УДК код - определител по УДК 821.111(73)
УДК определител -93-322.4
УДК - код + определител 821.111(73)-93-322.4
100 1# - Редна дума - Автор
Автор Стайн, Робърт Лорънс
Авторска отговорност първи автор
R(LIN) 369934
139 ## - Редно поле
Редна дума Стайн, Робърт Лорънс
Авторски знак Стаи - С 62
245 10 - Сведения за заглавието
Заглавие Добре дошли в мъртвата къща
Подзаглавни данни Забавен трилър за деца
Редно поле (дума) Робърт Лорънс Стайн; прев. Елена Методиева Щерева.
257 ## - Страна на издаване
Страна на създаване/издаване Съединени американски щати
260 ## - Област на издателските данни
-- София
Име на издателя, разпространителя и проч. Агенция Ню импрес
Година на издаване 2009
Печатница София : Симолини-94
300 ## - Физическа характеристика
Страници 132 с.
Размери/Мащаб 20 см
380 ## - Жанр
Жанр Детска худож. лит.
490 1# - СЕРИИ (Колекции)
Име на серия Поредица Goosebumps
500 ## - Общи забележки
Забележка Ориг. загл. Welcome To Dead House. - Офс. изд.
653 ## - Ключова дума – ненормативна
Ключова дума литература за деца
653 ## - Ключова дума – ненормативна
Ключова дума детска литература
700 1# - Други автори (авторска отговорност)
Лично име Щерева, Елена Методиева
Автороска отговорност (Описва отношението между автора и произведението) прев.
9 (RLIN) 302989
852 ## - Местоположение
Форматна сигнатура Цб 248201
856 4# - Електронен адрес и достъп
Електронен формат pdf - файл
Път до файла /url/
856 4# - Електронен адрес и достъп
Електронен формат pdf - файл
Път до файла /url/
942 ## - АРТИКУЛИ
Вид на библиотечния материал Книги
Скрит в OPAC Не
Koha issues (borrowed), all copies 29
944 ## - СЪЗДАВАНЕ И РЕДАКЦИЯ на ЗАПИСА
Създаване/Редакция Създаване
Дата на регистрацията/редакция 25.05.2010
Статус, дата на статуса Бояна Костадинова
Служител, извършил регистрацията/редакцията 30551
944 ## - СЪЗДАВАНЕ И РЕДАКЦИЯ на ЗАПИСА
Създаване/Редакция Редакция
Дата на регистрацията/редакция 29.12.2014
Статус, дата на статуса ф /
Служител, извършил регистрацията/редакцията Людмила_Стоянова
999 ## - СИСТЕМНИ КОНТРОЛНИ НОМЕРА
Koha biblionumber 91504
Koha biblioitemnumber 91504
Наличности
Код за отписване Код за изгубен артикул Код за повреда Коз за рестрикции Код за отдаване Артикулен № Име на библиотеката - собственик Име на библиотеката, в която се намира в момента Статус (Текущо местоположение) Дата на вписване в системата Местоположение - отдел Цена в лева Инвентарен номер Систематично азбучна сигнатура Баркод Номер на екземпляра Цена в евро Служебна бележка Служебен тип на артикула Източник на класификационната схема
  Не е изгубен Не е повреден без рестрикции заемане за дома 147693 Регионална библиотека "Любен Каравелов" Русе Регионална библиотека "Любен Каравелов" Русе Детски отдел 2011-04-08 Детски отдел 6.90 120000750287 ДХ 820/899/С 62 120000750287 1 3.53 Дост: Pk Вид: Ф N: 127 Дата: 01.04.2011 Дата инв: 10.08.2015 Бележки инв: Д2015 Книги  
  Не е изгубен Не е повреден без рестрикции ползва се в читалня 147694 Регионална библиотека "Любен Каравелов" Русе Регионална библиотека "Любен Каравелов" Русе Хранилище 2011-11-03 Хранилище 6.90 120000754015 Цб 248201 120000754015 2 3.53 Дост: Dp Вид: Д N: 12 Дата: 21.03.2011 Книги  
Изтеглен Не е изгубен Не е повреден без рестрикции заемане за дома 147695 Регионална библиотека "Любен Каравелов" Русе Регионална библиотека "Любен Каравелов" Русе Детски отдел 2012-05-18 Детски отдел 6.21 120000757531 ДХ 820/899/С 62 120000757531 3 3.18 Дост: DA Вид: А N: 7 Дата: 16.05.2012 Книги Universal Decimal Classification
  Не е изгубен Не е повреден без рестрикции заемане за дома 147696 Регионална библиотека "Любен Каравелов" Русе Регионална библиотека "Любен Каравелов" Русе Детски отдел 2014-12-18 Детски отдел 6.90 120000783941 ДХ 820/899/С 62 120000783941 4 3.53 Дост: DA Вид: Г N: 31 Дата: 18.12.2014 Дата инв: 17.08.2015 Бележки инв: Д2015 Книги  
Vip Innovations Ltd, Rousse, Bulgaria 2025